00571nam a2200169 u 450000100100000000500170001000800410002702000180006804000250008608200150011110000470012624500730017326000450024630000200029150000630031150400270037400002034720200929170357.0100813s2015 dr r 000 0 spa d a9789945081978 aDO-SdBNPbspacBNPHU axxxxbxxxx1 aFigueroa Encarnación, Honécimo,d1964-10aDesarrollo de la Escolástica /cHonécimo Figueroa Encarnación. aSanto Domingo :bAmigo del Hogar,c2015. a12 p. ;c23 cm. aIncluye datos biográficos del autor en la contracubierta aBibliografía : p. 11